| 000 | 00873nam a2200241Ia 4500 | ||
|---|---|---|---|
| 003 | OSt | ||
| 005 | 20220925222313.0 | ||
| 006 | a|||||r|||| 00| 0 | ||
| 007 | ta | ||
| 008 | 220923b |||||||| |||| 00| 0 eng d | ||
| 020 |
_a9780230238459 _c3767.3699999999999 |
||
| 037 |
_b111/2011-12, 11/08/2011, PIONEER BOOK DISTRIBUTORS _cGeneral Book |
||
| 040 |
_aRTL _cRTL _beng |
||
| 041 |
_2eng _aeng |
||
| 082 | _aX714.4, Q1 | ||
| 100 |
_aRAJAN Ramkishen S _9287505 |
||
| 245 | 0 |
_aEmerging Asia _b Essays on crises, capital flows, FDI and exchange rates |
|
| 260 |
_aLondon _bPalgrave Macmillan _c2011 |
||
| 300 |
_axiii, 175p _ccm. |
||
| 490 | _aPalgrave Macmillan Studies in Banking and Financial Institutions | ||
| 942 |
_hX714.4, Q1 _cGB _2CC |
||
| 999 |
_c576636 _d576636 |
||